000 00282nam a22001337a 4500
008 180814b xxu||||| |||| 00| 0 eng d
020 _a9780072980684
041 _aeng
080 _29 ed
_a541
100 _a12
101 _akim
245 _achemistry
_cchng.r
942 _2udc
_cBK
999 _c47078
_d47078